[Event "RUS-ch sf"]
[Site "Krasnodar"]
[Date "1997.??.??"]
[Round "?"]
[White "Volzhin, Alexander"]
[Black "Tsebekov, Hongr"]
[Result "1-0"]
[WhiteElo "2505"]
[BlackElo "2215"]
[PlyCount "89"]
[EventDate "1997.??.??"]
[EventType "swiss"]
[EventRounds "9"]
[EventCountry "RUS"]
[SourceTitle "EXT 2000"]
[Source "ChessBase"]
[SourceDate "1999.11.16"]
[SourceVersion "1"]
[SourceVersionDate "1999.11.16"]
[SourceQuality "1"]

1. d4 c5 2. d5 e5 3. e4 d6 4. Nc3 Be7 5. f4 exf4 6. Bxf4 Nf6 7. Bb5+ Bd7 8. Bxd7+ Nbxd7 9. Nf3 0-0 10. 0-0 Ng4 11. h3 Nge5 12. Nxe5 dxe5 13. Bg3 Bf6 14. d6 g6 15. Nd5 Bg7 16. Qg4 h5 17. Qf3 Kh7 18. Rad1 f5 19. exf5 Rxf5 20. Qe4 Rxf1+ 21. Rxf1 Qg8 22. Bh4 Rf8 23. Rxf8 Qxf8 24. Ne7 Qf7 25. Qxb7 Qc4 26. Bf2 Qe6 27. Qd5 Qxd5 28. Nxd5 Bf8 29. Ne7 Kg7 30. Bh4 Kf7 31. Kf2 Ke6 32. Kf3 Kxd6 33. Nxg6 Bg7 34. Ke4 c4 35. Bf2 a6 36. Kf5 Bf6 37. g4 hxg4 38. hxg4 Bg7 39. g5 Nb8 40. Nh4 Nc6 41. Kg6 Bf8 42. Kf7 Be7 43. Nf5+ Kd7 44. Nxe7 Nxe7 45. g6 1-0

[Event "RUS-ch"]
[Site "Elista"]
[Date "1996.??.??"]
[Round "1"]
[White "Fominyh, Alexander"]
[Black "Tsebekov, Hongr"]
[Result "1-0"]
[WhiteElo "2535"]
[BlackElo "2240"]
[PlyCount "59"]
[EventDate "1996.10.15"]
[EventType "swiss"]
[EventRounds "11"]
[EventCountry "RUS"]
[SourceTitle "CBM 056"]
[Source "ChessBase"]
[SourceDate "1997.02.01"]
[SourceVersion "1"]
[SourceVersionDate "1997.02.01"]
[SourceQuality "1"]

1. d4 d5 2. c4 c6 3. Nf3 Nf6 4. e3 e6 5. Bd3 Nbd7 6. 0-0 Bd6 7. Nbd2 0-0 8. e4 dxe4 9. Nxe4 Nxe4 10. Bxe4 h6 11. b3 f5 12. Bc2 e5 13. Bb2 e4 14. Ne5 Qe8 15. f4 Nf6 16. Qd2 Be6 17. a4 Qc8 18. b4 Re8 19. h3 a6 20. Rfc1 Qb8 21. Bd1 Qa7 22. Kh1 Rac8 23. Be2 Qb8 24. Rg1 Rcd8 25. Qc3 Qc8 26. g4 fxg4 27. hxg4 Bxe5 28. dxe5 Nxg4 29. Rxg4 Bxg4 30. e6 1-0

[Event "RUS-ch"]
[Site "Elista"]
[Date "1996.??.??"]
[Round "10"]
[White "Namgilov, Sogto"]
[Black "Tsebekov, Hongr"]
[Result "0-1"]
[WhiteElo "2495"]
[BlackElo "2240"]
[PlyCount "225"]
[EventDate "1996.10.15"]
[EventType "swiss"]
[EventRounds "11"]
[EventCountry "RUS"]
[SourceTitle "CBM 056"]
[Source "ChessBase"]
[SourceDate "1997.02.01"]
[SourceVersion "1"]
[SourceVersionDate "1997.02.01"]
[SourceQuality "1"]

1. c4 e6 2. Nf3 d5 3. d4 Be7 4. Nc3 c6 5. g3 Nf6 6. Bg2 0-0 7. 0-0 dxc4 8. Ne5 Nbd7 9. Nxc4 Nb6 10. Na5 Bb4 11. Nb3 a5 12. a4 Nbd5 13. Qc2 Be7 14. Na2 b6 15. e4 Nb4 16. Nxb4 Bxb4 17. Rd1 Bb7 18. h3 Rc8 19. Be3 Nd7 20. Nd2 Qe7 21. Nc4 b5 22. Nd2 Nb6 23. b3 c5 24. dxc5 Bxc5 25. Qd3 bxa4 26. bxa4 Rfd8 27. Qb3 Ba6 28. Bxc5 Qxc5 29. Rac1 Qxc1 30. Rxc1 Rxc1+ 31. Kh2 Rxd2 32. Qxb6 Bc8 33. Qxa5 Rcc2 34. e5 g6 35. Be4 Ra2 36. g4 Rxf2+ 37. Kg3 Rfd2 38. Qa8 Ra3+ 39. Kh4 Kg7 40. Qxc8 g5+ 41. Kxg5 h6+ 42. Kh4 Rh2 43. Bg2 Rxg2 44. Qc1 Rgg3 45. Qf1 Rgf3 46. Qg2 Rfe3 47. Qh2 Rxa4 48. Kh5 Raa3 49. h4 Ra5 50. g5 hxg5 51. hxg5 Rexe5 52. Qb2 Kh7 53. Qc2+ Rf5 54. Kh4 Kg7 55. Qc3+ Rae5 56. Kg4 Rxg5+ 57. Kf4 Rgf5+ 58. Kg4 Kg6 59. Qc8 Rg5+ 60. Kf4 Ref5+ 61. Ke3 Kg7 62. Qc3+ e5 63. Qc7 Rf4 64. Qd6 Rgg4 65. Ke2 f6 66. Qe7+ Kg6 67. Qe8+ Kg5 68. Qg8+ Kh4 69. Qh7+ Kg5 70. Qd7 f5 71. Qh7 Re4+ 72. Kd2 Rg2+ 73. Kd1 Rd4+ 74. Ke1 Rf4 75. Qg8+ Kh4 76. Qh7+ Kg3 77. Qg7+ Kf3 78. Qb7+ e4 79. Qb3+ Kg4 80. Qg8+ Kh3 81. Qh7+ Kg3 82. Qg6+ Kf3 83. Qh5+ Rgg4 84. Qh2 Rh4 85. Qg1 Rh3 86. Kd2 Rg3 87. Qb6 Kg2 88. Ke2 Rff3 89. Ke1 Re3+ 90. Kd2 Rd3+ 91. Kc2 f4 92. Qf6 Kf3 93. Qf5 Rg2+ 94. Kc1 Re3 95. Kd1 Rg1+ 96. Kd2 Re2+ 97. Kc3 Rg4 98. Kd4 Kg3 99. Qe5 Rd2+ 100. Kc3 e3 101. Qe4 Kf2 102. Qf5 Kg3 103. Qe4 Rf2 104. Qh1 e2 105. Qg1+ Rg2 106. Qe1+ Kh2 107. Kd3 R4g3+ 108. Ke4 f3 109. Kf5 Rg1 110. Qd2 Rh3 111. Kf4 Kh1 112. Qd7 Rh4+ 113. Kxf3 0-1

[Event "RUS-ch"]
[Site "Elista"]
[Date "1996.??.??"]
[Round "4"]
[White "Nevostrujev, Vladimir"]
[Black "Tsebekov, Hongr"]
[Result "1-0"]
[WhiteElo "2405"]
[BlackElo "2240"]
[PlyCount "77"]
[EventDate "1996.10.15"]
[EventType "swiss"]
[EventRounds "11"]
[EventCountry "RUS"]
[SourceTitle "CBM 056"]
[Source "ChessBase"]
[SourceDate "1997.02.01"]
[SourceVersion "1"]
[SourceVersionDate "1997.02.01"]
[SourceQuality "1"]

1. e4 c5 2. Nf3 e6 3. d4 cxd4 4. Nxd4 a6 5. Bd3 g6 6. c4 Bg7 7. Be3 Ne7 8. Nc3 0-0 9. 0-0 d5 10. exd5 exd5 11. c5 Nbc6 12. Nce2 Be6 13. Qd2 Qd7 14. Rac1 Ne5 15. Rfd1 Nxd3 16. Qxd3 Rfe8 17. b4 Bg4 18. f3 Bf5 19. Qb3 h6 20. Bf2 Rad8 21. a4 Nc6 22. b5 axb5 23. axb5 Na5 24. Qb4 Nc4 25. c6 bxc6 26. bxc6 Qc7 27. Nxf5 gxf5 28. Ng3 Qxc6 29. Nxf5 Bf8 30. Qc3 Qg6 31. g4 Qg5 32. Bh4 Qf4 33. Bxd8 Rxd8 34. Kg2 h5 35. Rd4 Qg5 36. Rcd1 Ra8 37. Rxd5 hxg4 38. Qxc4 gxf3+ 39. Kxf3 1-0

[Event "Moscow IM2"]
[Site "Moscow"]
[Date "1996.??.??"]
[Round "?"]
[White "Tsebekov, Hongr"]
[Black "Lopushnoy, Denis"]
[Result "0-1"]
[WhiteElo "2240"]
[BlackElo "2210"]
[PlyCount "40"]
[EventDate "1996.??.??"]
[EventType "tourn"]
[EventRounds "11"]
[EventCountry "RUS"]
[EventCategory "3"]
[SourceTitle "EXT 2000"]
[Source "ChessBase"]
[SourceDate "1999.11.16"]
[SourceVersion "1"]
[SourceVersionDate "1999.11.16"]
[SourceQuality "1"]

1. e4 c5 2. c3 Nf6 3. e5 Nd5 4. d4 cxd4 5. Qxd4 e6 6. Nf3 Nc6 7. Qe4 f5 8. exf6 Nxf6 9. Qc2 Be7 10. Bd3 0-0 11. Ng5 h6 12. Nf3 e5 13. Qe2 d5 14. Bc2 Bc5 15. b4 Bb6 16. b5 e4 17. bxc6 exf3 18. Qxf3 Ne4 19. cxb7 Bxb7 20. Qh5 Nxf2 0-1

[Event "Moscow IM2"]
[Site "Moscow"]
[Date "1996.??.??"]
[Round "?"]
[White "Tsebekov, Hongr"]
[Black "Sazonov, Anatolij"]
[Result "1/2-1/2"]
[WhiteElo "2240"]
[BlackElo "2220"]
[PlyCount "21"]
[EventDate "1996.??.??"]
[EventType "tourn"]
[EventRounds "11"]
[EventCountry "RUS"]
[EventCategory "3"]
[SourceTitle "EXT 2000"]
[Source "ChessBase"]
[SourceDate "1999.11.16"]
[SourceVersion "1"]
[SourceVersionDate "1999.11.16"]
[SourceQuality "1"]

1. e4 e5 2. Nf3 Nc6 3. Bb5 a6 4. Bxc6 dxc6 5. Nc3 Bg4 6. h3 Bxf3 7. Qxf3 Qf6 8. Qxf6 Nxf6 9. 0-0 Bc5 10. d3 0-0 11. Bg5 1/2-1/2

[Event "Moscow IM2"]
[Site "Moscow"]
[Date "1996.??.??"]
[Round "?"]
[White "Tsebekov, Hongr"]
[Black "Tisevich, Roman"]
[Result "0-1"]
[WhiteElo "2240"]
[BlackElo "2365"]
[PlyCount "74"]
[EventDate "1996.??.??"]
[EventType "tourn"]
[EventRounds "11"]
[EventCountry "RUS"]
[EventCategory "3"]
[SourceTitle "EXT 2000"]
[Source "ChessBase"]
[SourceDate "1999.11.16"]
[SourceVersion "1"]
[SourceVersionDate "1999.11.16"]
[SourceQuality "1"]

1. e4 c5 2. c3 Qa5 3. Nf3 e6 4. d4 cxd4 5. Nxd4 Nf6 6. Bd3 a6 7. Nd2 Qc7 8. N2f3 d6 9. 0-0 Be7 10. Bg5 Nbd7 11. Re1 b6 12. Rc1 Bb7 13. Nd2 0-0 14. f4 Rfe8 15. Qf3 g6 16. Qh3 e5 17. N4f3 Nc5 18. Bb1 exf4 19. e5 dxe5 20. Nxe5 Ne6 21. Bxf6 Bxf6 22. Ng4 Bg7 23. Nf3 Qc5+ 24. Kh1 Ng5 25. Nxg5 Qxg5 26. Nf2 Re3 27. Qg4 Qe7 28. Rg1 f3 29. g3 Re2 30. Rc2 Re1 31. Rc1 Rxc1 32. Rxc1 Qe3 33. Rf1 Rd8 34. Kg1 Rd2 35. Qc4 b5 36. Qc7 Rxf2 37. Rxf2 Qe1+ 0-1